| 000 | 00632nam a2200181Ia 4500 | ||
|---|---|---|---|
| 005 | 20250423101331.0 | ||
| 008 | 250422s9999 xx 000 0 und d | ||
| 020 | _a978-1-77491-209-6 | ||
| 050 | _aRC 662.4 .M46/ | ||
| 100 | _aEdited by Raj K. Keservani, Durgavati Yadav, Rajesh K. Kesharwani, Sippy Singh, Kumar Sandeep | ||
| 245 | 4 | _aThe metabolic syndrome | |
| 260 | _aPalm Bay, FL | ||
| 260 | _bApple Academic Press | ||
| 260 | _c2023 | ||
| 300 | _a398 p | ||
| 650 | _aMetabolic Syndrome--diet therapy Metabolic Syndrome--prevention & control Dietary Supplements Functional Food Micronutrients--metabolism | ||
| 942 | _cBK | ||
| 999 |
_c36002 _d36002 |
||